Single Game leaders - Statistics

General Stats
  • This quiz has been taken 9 times
  • The average score is 4 of 14
Answer Stats
Category Answer % Correct
Passing Touchdowns Drew Brees/Nick Foles/Peyton Manning/Joe Kapp/Y.A Tittle/George Blanda/Adrian Burk/Sid Luckman
100%
Receiving Touchdowns Jerry Rice/Kellen Winslow/Bob Shaw
71%
Rushing Yards Adrian Peterson
43%
Interceptions DeAngelo Hall/Deltha O'Neal/Kwamie Lassiter/Deron Cherry/Willie Buchanon/Dick Anderson/Willie Brown/Bobby Hunt/Bobby Ply/Jerry Norton/Dave Baker/Goose Gonsoulin/Jack Butler/Bobby Dillon/Russ Craft/Bob Nussbaumer/Don Doll/Dan Sandifer/Sammy Baugh
43%
Passing Attempts Drew Bledsoe
29%
Completions Jared Goff/Drew Bledsoe
29%
Tackles for loss Joey Bosa/Aaron Donald/J.J. Watt/Andre Carter/Jeremiah Trottier
29%
Tackles David Harris
14%
Receiving Yards Flipper Anderson
14%
Passing Yards Norm Van Brocklin
14%
Rushing Touchdowns Alvin Kamara
0%
Receptions Brandon Marshall
0%
Sacks Derrick Thomas
0%
Carries Jamie Morris
0%
No matching quizzes found
Score Distribution
Percent of People with Each Score
Percentile by Number Answered
Your Score History
You have not taken this quiz